1662 1844 1948 1751 1914 1534 1582 1496 1616 1067 1158 1806 1835 1506 1548 1160 1862 1410 1647 1483 1150 1989 1779 1768 1899 1889 1042 1488 1476 1311 1205 1234 1476 1877 1807 1684 1376 1689 1157 1550 1291 1112 1131 1210 1594 1632 1993 1867 1512 1593 1101 1275 1949 1633 1421 1162 1620 1046 1876 1359 1778 1269 1858 1239 1878 1688 1108 1458 1928 1162 1272 1061 1599 1644 1365 1944 1995 1913 1348 1222 1985 1205 1874 1148 1754 1150 1635 1919 1320 1709 1566 1827 1865 1413 1892 1438 1545 1969 1307 BCNSPRNW ULIB Ver.6.0+V

เปลี่ยนเป็นภาษาไทย

Change to English
 แสดงรายละเอียดบรรณานุกรม
  กลับหน้าหลัก

Brief Record : Get Marc (ISO 2709) : E-mail record : QR code < ปิดหน้าต่าง
LEADER : 00000nam 2200000uu 4500
001    13399107686
003     ULIB
008    110121s2553th 000 0 tha d
020    9786115511428
060 04 WH100^bธ451E 2553
245 00 Essential hematology for general practitioner (ฉบับปรับปรุงแก้ไข) /^cบรรณาธิการ ธัญญาพงษ์ ณ นคร, พลภัทร โรจน์นครินทร์
250    พิมพ์ครั้งที่ 2
260    กรุงเทพฯ :^bสาขาวิชาโลหิตวิทยา ภาควิชาอายุรศาสตร์คณะแพทยศาสตร์ จุฬาลงกรณ์มหาวิทยาลัย,^c2553
300    418 หน้า :^bภาพประกอบ ;^c26 ซม.
650  7 เลือด, โรค^xการรักษา
650  7 เลือด, โรค^xการวินิจฉัย
650  7 โลหิตวิทยา
700 0  ธัญญาพงษ์ ณ นคร,^eบรรณาธิการ
700 0  พลภัทร โรจน์นครินทร์,^eบรรณาธิการ
710 2  จุฬาลงกรณ์มหาวิทยาลัย.^bคณะแพทยศาสตร์.^bภาควิชาอายุรศาสตร์.^bสาขาวิชาโลหิตวิทยา
945    ^p350^l0^i029366
945    ^p350^l0^i029367
945    ^p350^l0^i029368
995    เกษร
999 ^a ใช้งานได้ทุกระบบ
รายการนี้ยังไม่มีแท็ก
คุณยังไม่ได้ล็อกอิน คุณสามารถมีกิจกรรมร่วมกับเว็บไซต์ได้ แต่ต้องล็อกอินก่อน ::
  ล็อกอิน

รายการสื่อสารสนเทศ

ลำดับที่ ประเภท เลขเรียก/บาร์โค้ด สถานที่ สถานะ
1. วิทยาศาสตร์การแพทย์ และสุขภาพ
หนังสือสำรอง
สถานะ=หนังสือสำรอง
WH100 ธ451E 2553 ฉ.1 
  Barcode: 029366
ห้องสมุดวิทยาเขตสวรรค์ประชารักษ์
►ส่วนจัดเก็บหนังสือเก่า สปร
บนชั้น
  ขอยืม
2. วิทยาศาสตร์การแพทย์ และสุขภาพ
วิทยาศาสตร์การแพทย์ และสุขภาพ
WH100 ธ451E 2553 ฉ.2 
  Barcode: 029367
ห้องสมุดวิทยาเขตสวรรค์ประชารักษ์
►ส่วนจัดเก็บหนังสือเก่า สปร
บนชั้น
  ขอยืม
3. วิทยาศาสตร์การแพทย์ และสุขภาพ
วิทยาศาสตร์การแพทย์ และสุขภาพ
WH100 ธ451E 2553 ฉ.3 
  Barcode: 029368
ห้องสมุดวิทยาเขตสวรรค์ประชารักษ์
►ส่วนจัดเก็บหนังสือเก่า สปร
บนชั้น
  ขอยืม

รายการใกล้เคียง
    หัวเรื่อง [โลหิตวิทยา]

BibComment


ยังไม่เคยถูกคอมเมนท์

คอมเมนท์ทรัพยากรรายการนี้
  คอมเมนท์: Essential hematol..


 Copyright 2026. Bcnsprnw @Library